000 00876nam a2200277Ia 4500
003 OSt
005 20220927110015.0
006 a|||||r|||| 00| 0
007 ta
008 220926b |||||||| |||| 00| 0 eng d
024 _a117729
037 _cReference Collections
040 _aRTL
_cRTL
_beng
041 _2eng
_aeng
082 _a"S:7, J8"
111 _aConference on the Problems Arising from the Teaching of Personality And Development (Staff ordshire) (1958 : )
_9375835
245 0 _asociological Review Monograph No 1 papers on
260 _aKeele
_bUniversity College of North Saff Ordshire
_c1958
300 _a138p
_ccm.
490 _aSociological Review Monograph . 1
500 _aBibliography: P 133-38
650 _a Psychology
650 _aPersonality
_9375836
942 _h"S:7, J8"
_cCC
999 _c695319
_d695319